E. T. A. Hoffman fantasztikus meséinek szerkezete

Elmentve itt :
Bibliográfiai részletek
Szerző: Orosz Magdolna
További közreműködők: Hoffmann E. T. A.
Dokumentumtípus: Könyv része
Megjelent: 1985
Sorozat:Studia poetica 6
Az elbeszélés értelmezésének stratégiái 6
Kulcsszavak:Német irodalom története - 18-19. sz.
Tárgyszavak:
Online Access:http://acta.bibl.u-szeged.hu/17150
LEADER 00800naa a2200229 i 4500
001 acta17150
005 20220114144247.0
008 161015s1985 hu o 0|| hun d
022 |a 0209-9403 
040 |a SZTE Egyetemi Kiadványok Repozitórium  |b hun 
041 |a hun 
100 1 |a Orosz Magdolna 
245 1 0 |a E. T. A. Hoffman fantasztikus meséinek szerkezete  |h [elektronikus dokumentum] /  |c  Orosz Magdolna 
260 |c 1985 
300 |a 134-150 
490 0 |a Studia poetica  |v 6 
490 0 |a Az elbeszélés értelmezésének stratégiái  |v 6 
650 4 |a Bölcsészettudományok 
650 4 |a Nyelvek és irodalom 
695 |a Német irodalom története - 18-19. sz. 
700 0 1 |a Hoffmann E. T. A. 
856 4 0 |u http://acta.bibl.u-szeged.hu/17150/1/studia_poetica_006_134-150.pdf  |z Dokumentum-elérés